Chato's kitchen / (Record no. 4841)

MARC details
000 -LEADER
fixed length control field 01002nam a22003017a 4500
001 - CONTROL NUMBER
control field 4841
003 - CONTROL NUMBER IDENTIFIER
control field FISKH
005 - DATE AND TIME OF LATEST TRANSACTION
control field 20260402112549.0
008 - FIXED-LENGTH DATA ELEMENTS--GENERAL INFORMATION
fixed length control field 241017b cb ||||| |||| 00| 0 eng d
020 ## - INTERNATIONAL STANDARD BOOK NUMBER
International Standard Book Number 0590897489
040 ## - CATALOGING SOURCE
Original cataloging agency FISKH
Language of cataloging eng
Transcribing agency FISKH
Modifying agency FISKH
050 ## - LIBRARY OF CONGRESS CALL NUMBER
Classification number PZ7.S7242
082 ## - DEWEY DECIMAL CLASSIFICATION NUMBER
Classification number 791.433
100 ## - MAIN ENTRY--PERSONAL NAME
Personal name Soto, Gary
Dates associated with a name (1952-)
245 ## - TITLE STATEMENT
Title Chato's kitchen /
Statement of responsibility, etc. By Gary Soto Illustrated by Susan Guevara
250 ## - EDITION STATEMENT
Edition statement First printing in 1996
260 ## - PUBLICATION, DISTRIBUTION, ETC.
Place of publication, distribution, etc. New York :
Name of publisher, distributor, etc. Scholastic,
Date of publication, distribution, etc. 1996.
300 ## - PHYSICAL DESCRIPTION
Extent 29 pages :
Other physical details Color illustrations ;
Dimensions 27 cm
505 ## - FORMATTED CONTENTS NOTE
Formatted contents note R<br/>
520 ## - SUMMARY, ETC.
Summary, etc. To get the "ratoncitos," little mice, who have moved into the barrio to come to his house, Chato the cat prepares all kinds of good food: fajitas, frijoles, salsa, enchiladas, and more.
521 8# - TARGET AUDIENCE NOTE
Target audience note 740L<br/>
Source Lexile<br/>
521 8# - TARGET AUDIENCE NOTE
Target audience note R<br/>
Source Raz-Plus<br/>
650 ## - SUBJECT ADDED ENTRY--TOPICAL TERM
Source of heading or term Fiction
Topical term or geographic name entry element Multicultural
650 ## - SUBJECT ADDED ENTRY--TOPICAL TERM
Source of heading or term Picture book
Topical term or geographic name entry element Animals
700 ## - ADDED ENTRY--PERSONAL NAME
Personal name Guevara, Susan
Dates associated with a name Illustrator
942 ## - ADDED ENTRY ELEMENTS (KOHA)
Source of classification or shelving scheme Dewey Decimal Classification
Koha item type Books
Suppress in OPAC No
Holdings
Withdrawn status Lost status Source of classification or shelving scheme Damaged status Not for loan Collection Home library Current library Shelving location Date acquired Total Checkouts Full call number Barcode Date last seen Copy number Price effective from Koha item type
    Dewey Decimal Classification     Juvenile Fiction Footprints International School Library Network Toul Kork Campus Footprints International School Library Network Toul Kork Campus TK Primary Library Room(4th Floor), Bookcase 5&6, Shelves 33-56, Orange Books 10/17/2024   SOT 791.433 PZ7.S7242 2024-2162 10/17/2024 1 10/17/2024 Books
    Dewey Decimal Classification     Juvenile Fiction Footprints International School Library Network Toul Tom Poung Campus Footprints International School Library Network Toul Tom Poung Campus TTP Primary Orange Bookshelves 04/02/2026   SOT 791.433 PZ7.S7242 2026-0438 04/02/2026 2 04/02/2026 Books